Statistieken voor De 15 grootste gemeente/steden van Nederland quiz

Klik hier om de quiz te nemen!

Algemene statistieken

  • Deze quiz is 1.400 keer genomen
  • De gemiddelde score is 11 van 15

Antwoordstatistieken

HintAntwoord% Correct
1Amsterdam
100%
2Rotterdam
99%
3Den Haag
96%
4Utrecht
96%
6Groningen
93%
5Eindhoven
91%
8Breda
78%
15Arnhem
75%
9Nijmegen
73%
7Almere
68%
12Haarlem
68%
10Enschede
61%
11Apeldoorn
55%
13Amersfoort
52%
14Zaanstad
21%

Scoreverdeling

Percentiel versus Aantal Correcte Antwoorden

Procent van Mensen met Elke Score

Uw Scoregeschiedenis

U heeft deze quiz nog niet genomen